000 00548nam a22001697a 4500
008 230329b |||||||| |||| 00| 0 eng d
020 _a9781487524388.
050 _aBX391.L595 1988.
100 _aDadosky G. John.
_952273
245 _aCollected works of Bernard Lonaergan;
_barchival material :early papers on history,
_cJohn D. Dadosky.
300 _aix;
_b199p,
_c24cm.
650 _aCatholic church;
_vdoctrines
_952274
650 _aphilosophy,
650 _atheology,
650 _aeducation,
_vphilosophy.
_952275
942 _2lcc
_cMONOGRAPH
999 _c131718
_d131718